书目信息 |
| 题名: |
全国英语等级考试第一级模拟考场
|
|
| 作者: | 任林静 主编 | |
| 分册: | ||
| 出版信息: | 北京 高等教育出版社 2004.01 |
|
| 页数: | 285页 | |
| 开本: | 20cm | |
| 丛书名: | ||
| 单 册: | ||
| 中图分类: | H319.6 | |
| 科图分类: | ||
| 主题词: | 英语--水平考试--习题 | |
| 电子资源: | ||
| ISBN: | 7-04-011376-7 | |
| 000 | 00805nam0 22002172 4500 | |
| 001 | 192004002405 | |
| 005 | 20070906095056.51 | |
| 010 | @a7-04-011376-7@dCNY28.00 (含光盘) | |
| 100 | @a20070601d2004 ekmy0chiy0121 ea | |
| 101 | 0 | @achi@aeng |
| 102 | @aCN@b110000 | |
| 105 | @aak z 000yy | |
| 200 | 1 | @a全国英语等级考试第一级模拟考场@Aquan guo ying yu deng ji kao shi di yi ji mo ni kao chang@f任林静主编 |
| 210 | @a北京@c高等教育出版社@d2004.01 | |
| 215 | @a285页@c图@d20cm@e光盘1片 | |
| 330 | @a本书共有12个单元,有听力材料原文,还有参考答案可供参考,本书作为第一级模拟试题,在内容与形式上较简单,英文原文与中文相对照,使考生理解更容易提高应试能力。 | |
| 606 | 0 | @a英语@x水平考试@j习题 |
| 690 | @aH319.6@v4 | |
| 701 | 0 | @a任林静@Aren lin jing@4主编 |
| 801 | 0 | @aCN@c20070906 |
| 905 | @dH319.6@eR502 | |
| 全国英语等级考试第一级模拟考场/任林静主编.-北京:高等教育出版社,2004.01 |
| 285页:图;20cm+光盘1片 |
| ISBN 7-04-011376-7:CNY28.00 (含光盘) |
| 本书共有12个单元,有听力材料原文,还有参考答案可供参考,本书作为第一级模拟试题,在内容与形式上较简单,英文原文与中文相对照,使考生理解更容易提高应试能力。 |
| ● |
| 相关链接 |
|
|
|
正题名:全国英语等级考试第一级模拟考场
索取号:H319.6/R502
 
预约/预借
| 序号 | 登录号 | 条形码 | 馆藏地/架位号 | 状态 | 备注 |
| 1 | 619766 | 206197667 | 语言库209/209语言库 57排6列6层/ [索取号:H319.6/R502] | 在馆 | |
| 2 | 619767 | 206197676 | 语言库209/209语言库 57排6列6层/ [索取号:H319.6/R502] | 在馆 | |
| 3 | 619768 | 206197685 | 语言库209/209语言库 57排6列6层/ [索取号:H319.6/R502] | 在馆 |